| 000 | 00718nam a22002057a 4500 | ||
|---|---|---|---|
| 999 |
_c19585 _d19585 |
||
| 003 | AR-CdUCM | ||
| 008 | 190518b ||||| |||| 00| 0 spa d | ||
| 040 |
_aMUNICIPALIDAD PROVINCIAL DEL CUSCO _cBIBLIOTECA MUNICIPAL DEL CUSCO |
||
| 082 |
_a802.632 / _bC26 |
||
| 100 |
_aCarrera Flores, Elias _941009 |
||
| 245 |
_aSe necesita una ama : _bfragmentos arrancados a la vida real de la sociedad andahuaylina : _bcomedia en tres actos / |
||
| 260 |
_aLima : _bPROPACEB, _c1993. |
||
| 300 |
_a72 páginas ; _c21 cm. |
||
| 505 | _aContenido: Teatro peruano. | ||
| 650 |
_aTeatro peruano _92697 |
||
| 650 |
_aTeatro de costumbres _941010 |
||
| 650 |
_aAndahuaylas _941011 |
||
| 942 |
_2ddc _cLIBROS |
||
| 945 |
_adavv _d2019-05-18 |
||